Angelina take a bow / (Record no. 4980)

MARC details
000 -LEADER
fixed length control field 01090nam a22003017a 4500
001 - CONTROL NUMBER
control field 4980
003 - CONTROL NUMBER IDENTIFIER
control field FISKH
005 - DATE AND TIME OF LATEST TRANSACTION
control field 20250527113535.0
008 - FIXED-LENGTH DATA ELEMENTS--GENERAL INFORMATION
fixed length control field 241030b cb ||||| |||| 00| 0 eng d
020 ## - INTERNATIONAL STANDARD BOOK NUMBER
International Standard Book Number 9780448456188
040 ## - CATALOGING SOURCE
Original cataloging agency FISKH
Language of cataloging eng
Transcribing agency FISKH
Modifying agency FISKH
050 ## - LIBRARY OF CONGRESS CALL NUMBER
Classification number PZ7.H689
082 ## - DEWEY DECIMAL CLASSIFICATION NUMBER
Classification number 443
100 ## - MAIN ENTRY--PERSONAL NAME
Personal name Holabird, katherine
Dates associated with a name (1948-)
245 ## - TITLE STATEMENT
Title Angelina take a bow /
Statement of responsibility, etc. inspired by the classic children's book series by author Katherine Holabird and illustrator Helen Craig
250 ## - EDITION STATEMENT
Edition statement 2012
260 ## - PUBLICATION, DISTRIBUTION, ETC.
Place of publication, distribution, etc. New York :
Name of publisher, distributor, etc. Penguin Young,
Date of publication, distribution, etc. 2012.
300 ## - PHYSICAL DESCRIPTION
Extent 32 pages :
Other physical details color illustrations ;
Dimensions 23 cm
505 ## - FORMATTED CONTENTS NOTE
Formatted contents note G<br/>
520 ## - SUMMARY, ETC.
Summary, etc. "Angelina is excited to have the lead in her school's ballet! But she's sad that she spends most of the ballet sleeping instead of dancing. Can Ms. Mimi convince Angelina that her role is important?"--P.[4] of cover.
521 8# - TARGET AUDIENCE NOTE
Target audience note 380<br/><br/>
Source Lexile<br/>
521 8# - TARGET AUDIENCE NOTE
Target audience note G<br/>
Source Raz-Plus<br/>
650 ## - SUBJECT ADDED ENTRY--TOPICAL TERM
Source of heading or term Fiction
Topical term or geographic name entry element Friends
650 ## - SUBJECT ADDED ENTRY--TOPICAL TERM
Source of heading or term Interstate
Topical term or geographic name entry element Beginning reader
700 ## - ADDED ENTRY--PERSONAL NAME
Personal name Craig, Helen
Dates associated with a name Illustrator
942 ## - ADDED ENTRY ELEMENTS (KOHA)
Source of classification or shelving scheme Dewey Decimal Classification
Koha item type Books
Suppress in OPAC No
Holdings
Withdrawn status Lost status Source of classification or shelving scheme Damaged status Not for loan Collection Home library Current library Shelving location Date acquired Total Checkouts Full call number Barcode Date last seen Copy number Price effective from Koha item type
    Dewey Decimal Classification     Juvenile Fiction Footprints International School Library Network Toul Kork Campus Footprints International School Library Network Toul Kork Campus TK Primary Library Room(4th Floor), Bookcase 1&2, Shelves 1-16, Dark Blue Books 10/30/2024   HOL 443 PZ7.H689 2024-2257 10/30/2024 1 10/30/2024 Books
    Dewey Decimal Classification     Juvenile Fiction Footprints International School Library Network Toul Kork Campus Footprints International School Library Network Toul Kork Campus TTP Primary Dark Blue Bookshelves 05/27/2025   HOL 443 PZ7.H689 2025-1405 05/27/2025 2 05/27/2025 Books